Transesterifikácia triacylglycerolov s metanolom v prítomnosti heterogénneho katalyzátora

Saved in:
Bibliographic Details
Main Author: Paľková, Ľudmila
Format: Book
Language:Slovak
Published: Bratislava STU FCHPT 2012
Online Access:View in OPAC
Tags: Add Tag
No Tags, Be the first to tag this record!

MARC

LEADER 00000nam a2200000 a 4500
005 20260127134223.0
008 120814 2012 xo 000 0 slo d
035 |a vtls010442272 
039 9 |y 201208141115  |z mschk03 
040 |a STUSCHK1  |b slo  |c STUSCHK1  |e AACR2 
100 1 |a Paľková, Ľudmila 
245 1 |a Transesterifikácia triacylglycerolov s metanolom v prítomnosti heterogénneho katalyzátora  |c Ľudmila Paľková 
260 |a Bratislava  |b STU FCHPT  |c 2012 
300 |a 33 s.  |b il.  |c 30 cm 
500 |a Obháj.: 9.7. 2012 
500 |a Študijný program: chémia a medicínska chémia 
500 |a Kombinácia študijných odborov: 4.1.14 chémia, 5.2.18 chemické technológie 
500 |a Bakalárska práca 
500 |a FCHPT, Oddelenie fyzikálnej chémie 
500 |a Evidenčné číslo: 5427-68581 
910 |a SCHK95 
999 |c 7027  |d 7027